000 00482nmm a2200157Ia 4500
008 251105s9999||||xx |||||||||||||||||und||
020 _a9789580612100
041 _aspa
100 _aOrozco M., Fredy A.
245 0 _aCuando el diablo no tiene que hacer, con el rabo mata moscas
264 _a[Bogotá, Colombia] :
_bOveja Negra,
_c2012
300 _a332 páginas
650 _aLatin American narrative
856 _uhttps://public.digitaliapublishing.com/a/19900
942 _cCF
999 _c94880
_d94880